Statistics for 12 x 12 Multiplikationstabel - Et Minut Sprint

Click here to take the quiz!

General Stats

  • This quiz has been taken 1.325 times
  • The average score is 92 of 144

Answer Stats

Answer% Correct
1
100%
2
100%
3
100%
4
100%
6
100%
5
99%
7
99%
8
99%
9
98%
10
97%
12
97%
11
92%
20
91%
14
90%
18
90%
24
89%
16
87%
22
83%
30
83%
15
80%
21
75%
36
73%
40
71%
28
68%
27
64%
25
63%
33
63%
50
59%
32
58%
35
56%
60
56%
44
52%
45
48%
48
47%
55
45%
100
41%
42
40%
70
40%
90
40%
80
37%
66
33%
120
30%
49
28%
72
28%
54
27%
77
27%
56
26%
88
25%
99
25%
110
24%
63
18%
64
18%
144
17%
81
16%
121
14%
84
14%
132
11%
96
11%
108
10%

Score Distribution

Percentile by Number Answered

Percent of People with Each Score

Your Score History

You have not taken this quiz